000 00517nam a2200181Ia 4500
003 OSt
005 20260130123654.0
008 210210b1948 xxu||||| |||| 00| 0 eng d
040 _cAL
041 _aKannada
082 _a853/269
100 _aBETADURA (K S)
_9161453
_dಬೆಟದೂರ (ಕೆಎಸ್)
245 _aSatyavana savitri:
_bಸತ್ಯವಾನ ಸಾವಿತ್ರಿ
260 _aHubballi
_bCity Book Depot.,
_c1948
690 _aKannada Drama
_9161454
906 _a019543
942 _2ddc
_cBK
999 _c143673
_d143673